Hudobná renesancia na Slovensku

Bibliographic Details
Main Authors: Fábryová, Zita (Author), Benčatová, Klára (Author)
Format: Article
Language:Slovak
Subjects:

MARC

LEADER 00000nab a2200000 a 4500
001 vtls000613507
003 SK-MaSNL
005 20260303014503.0
008 140301c1996 xo 0 slo
015 |a SNBRA19rr/mm-uuuuu 
035 |a CL0613646 
040 |a SNKBUCL  |b slo  |c SNKBUCL  |e AACR2 
041 0 |a slo 
044 |a xo  |c SK 
080 |a 78.034.5(437.6)  |2 1981 
100 1 |a Fábryová, Zita  |4 aut  |9 12861 
245 1 0 |a Hudobná renesancia na Slovensku  |c Zita Fábryová, Klára Benčatová 
650 0 7 |a hudba slovenská  |2 snkbucl  |9 426131 
650 0 7 |a renesancia  |2 snkbucl  |9 4038 
655 7 |a články zo zborníkov  |2 snkbucl  |9 166140 
700 1 |a Benčatová, Klára  |4 aut  |9 12862 
773 0 |t Slovenská hudba  |d Levice : Okresná knižnica, 1996  |g S. 7-8 
850 |a Slovenská národná knižnica v Martine  |a MTA001 
852 |a SNK  |b KIS3GCP 
958 |a SK 
958 |a RK 
992 |a RZB 
999 |c 1607953  |d 1609883